00245nam a22001097a 4500003000400000082001600004100002400020245003600044260002600080300000800106650002100114SGT a615.4bMIS  aMISHRA ANKIT KUMAR  aSOCIAL AND PREVENTIVE PHARMACY  aINDIA bIP PUB c2024 a164 aSOCIAL PHARMACY